|
|
|
|
| LEADER |
01640nam a2200409 a 4500 |
| 001 |
27511 |
| 003 |
BD-DhAAL |
| 005 |
20200411212012.0 |
| 008 |
130917s2010 enka b 001 0 eng |
| 999 |
|
|
|c 13977
|d 13977
|
| 010 |
|
|
|a 2009051180
|
| 020 |
|
|
|a 9780415489423 (pbk.)
|
| 020 |
|
|
|a 0415489415
|
| 020 |
|
|
|a 9780415489416
|
| 020 |
|
|
|a 0415489423 (pbk.)
|
| 020 |
|
|
|a 9780203091586 (ebook)
|
| 020 |
|
|
|a 0203091582 (ebook)
|
| 020 |
|
|
|a 9780203841020 (ebk.)
|
| 020 |
|
|
|a 0203841026 (ebk.)
|
| 040 |
|
|
|a DLC
|c DLC
|d YDX
|d BTCTA
|d YDXCP
|d BWK
|d CDX
|d BWX
|d OCLCQ
|d UKM
|d DLC
|d BD-DhAAL
|
| 050 |
0 |
0 |
|a P94.6
|b .H64 2010
|
| 082 |
0 |
0 |
|a 302.2
|2 23
|
| 100 |
1 |
|
|a Holliday, Adrian.
|9 3121
|
| 245 |
1 |
0 |
|a Intercultural communication :
|b an advanced resource book for students /
|c Adrian Holliday, Martin Hyde and John Kullman.
|
| 250 |
|
|
|a 2nd ed.
|
| 260 |
|
|
|a London ;
|a New York, NY :
|b Routledge,
|c 2010.
|
| 300 |
|
|
|a xxii, 336 p. :
|b ill. ;
|c 25 cm.
|
| 490 |
1 |
|
|a Routledge applied linguistics
|
| 504 |
|
|
|a Includes bibliographical references and index.
|
| 541 |
|
|
|e 27511, 27512
|
| 650 |
|
0 |
|a Intercultural communication.
|9 1942
|
| 700 |
1 |
|
|a Hyde, Martin,
|d 1960-
|9 3122
|
| 700 |
1 |
|
|a Kullman, John,
|d 1957-
|9 3123
|
| 830 |
|
0 |
|a Routledge applied linguistics.
|9 3124
|
| 942 |
|
|
|2 ddc
|c BK
|
| 952 |
|
|
|0 0
|1 0
|2 ddc
|4 0
|6 302_200000000000000_HOL
|7 0
|9 23418
|a BRACUL
|b BRACUL
|c GEN
|d 2013-09-17
|e Trim Education
|g 2830.00
|l 0
|o 302.2 HOL
|p 3010027511
|r 2013-09-17
|t 1
|w 2013-09-17
|y BK
|
| 952 |
|
|
|0 0
|1 0
|2 ddc
|4 0
|6 302_200000000000000_HOL
|7 0
|9 23419
|a BRACUL
|b BRACUL
|c GEN
|d 2013-09-17
|e Trim Education
|g 2830.00
|l 0
|o 302.2 HOL
|p 3010027512
|r 2013-09-17
|t 2
|w 2013-09-17
|y BK
|